Freestyle - Lil Baby lyrics - Statistics

General Stats
  • This quiz has been taken 146 times
  • The average score is 271 of 500
Answer Stats
Answer % Correct
i
97%
sho
95%
me
94%
my
94%
in
93%
a
92%
im
90%
this
90%
bitch
89%
with
88%
that
87%
label
84%
thats
84%
4
83%
up
81%
the
80%
all
79%
nigga
76%
real
76%
go
75%
pull
75%
bout
74%
just
74%
shoutout
73%
trey
73%
what
73%
fo
72%
TB
72%
you
72%
know
71%
love
71%
racks
71%
be
70%
to
70%
no
68%
on
68%
safe
68%
fall
67%
five
67%
out
67%
pullin
67%
ho
65%
of
65%
plug
65%
make
64%
we
64%
eight
63%
truck
63%
showing
62%
when
61%
bentley
59%
bitches
59%
these
59%
for
55%
niggas
55%
poured
55%
trucks
53%
from
52%
came
50%
mo
50%
none
50%
who
50%
gon
49%
smoke
49%
want
49%
bottom
48%
about
46%
hunnid
46%
used
46%
got
45%
they
45%
together
45%
wrist
44%
froze
43%
get
43%
and
42%
leaf
42%
shit
42%
it
41%
pussy
41%
wont
41%
aint
40%
not
40%
right
40%
ball
39%
clothes
39%
dont
39%
down
39%
each
39%
em
39%
if
39%
left
39%
other
39%
told
39%
wear
39%
both
38%
fold
38%
hoes
38%
so
38%
big
37%
control
37%
couple
37%
ears
36%
especially
36%
hood
36%
necklace
36%
she
36%
them
36%
hold
35%
low
35%
new
35%
like
34%
9
33%
makeup
33%
pass
33%
pay
33%
titties
33%
layup
32%
sippin
32%
dawg
31%
dracos
30%
her
30%
bought
28%
fuck
28%
say
28%
then
28%
mad
27%
maple
26%
boss
25%
is
25%
some
25%
been
24%
ced
24%
lil
24%
one
24%
but
23%
loads
23%
than
23%
wake
23%
gettin
22%
let
22%
made
22%
40's
21%
benz
21%
call
21%
faded
21%
john
21%
marlo
21%
wall
21%
water
21%
hop
20%
approach
17%
brand
17%
fresher
17%
name
17%
promise
17%
there
17%
theyll
17%
woes
17%
orleans
16%
outta
16%
wipe
16%
done
15%
gotta
15%
off
15%
paint
15%
run
15%
savage
15%
star
15%
hard
14%
never
14%
wetter
14%
change
13%
cross
13%
katrina
13%
mattress
13%
movie
13%
sauce
13%
sofa
13%
turned
13%
uzi
13%
bullet
12%
catch
12%
hot
12%
percs
12%
poppin
12%
fault
11%
hang
11%
stuffed
11%
talkin
11%
attic
10%
business
10%
how
10%
killer
10%
life
10%
livin
10%
lookin
10%
play
10%
should
10%
block
9%
fullest
9%
gangsta
9%
vert
9%
12
8%
bully
8%
hit
8%
hope
8%
menthol
8%
ooh
8%
push
8%
pussies
8%
ridin
8%
doin
7%
see
7%
takin
7%
behind
6%
even
6%
find
6%
guess
6%
lose
6%
ones
6%
rock
6%
screwin
6%
their
6%
think
6%
took
6%
trees
6%
tryna
5%
game
3%
geekin
3%
No matching quizzes found
Score Distribution
Percent of People with Each Score
Percentile by Number Answered
Your Score History
You have not taken this quiz